La historia de mi vida Jacoba / (Record no. 40063)
[ view plain ]
| 000 -CABECERA | |
|---|---|
| campo de control de longitud fija | 00428nam a2200145 a 4500 |
| 001 - NÚMERO DE CONTROL | |
| campo de control | 000040573 |
| 005 - FECHA Y HORA DE LA ÚLTIMA TRANSACCIÓN | |
| campo de control | 20201002034225.0 |
| 008 - DATOS DE LONGITUD FIJA--INFORMACIÓN GENERAL | |
| campo de control de longitud fija | 130902s20uu dr c 000 0 spa d |
| 040 ## - FUENTE DE LA CATALOGACIÓN | |
| Centro catalogador/agencia de origen | DO-SdBNP |
| Lengua de catalogación | spa |
| Centro/agencia transcriptor | BNPHU |
| 082 ## - NÚMERO DE LA CLASIFICACIÓN DECIMAL DEWEY | |
| Número de clasificación | xxx |
| Número de documento/Ítem | xxx |
| 100 1# - ENTRADA PRINCIPAL--NOMBRE DE PERSONA | |
| Nombre de persona | Blas Martínez, Felipa |
| 9 (RLIN) | 66903 |
| 245 13 - MENCIÓN DE TÍTULO | |
| Título | La historia de mi vida Jacoba / |
| Mención de responsabilidad, etc. | Felipa Blas Martínez. |
| 260 ## - PUBLICACIÓN, DISTRIBUCIÓN, ETC. | |
| Lugar de publicación, distribución, etc. | [Santo Domingo] : |
| Nombre del editor, distribuidor, etc. | s.d., |
| Fecha de publicación, distribución, etc. | s. f. |
| 300 ## - DESCRIPCIÓN FÍSICA | |
| Extensión | 31 p. : |
| Otras características físicas | retr. ; |
| Dimensiones | 22 cm. |
| Estado de retiro | Estado de pérdida | No para préstamo | Código de colección | Localización permanente | Ubicación/localización actual | Ubicación en estantería | Fecha de adquisición | Número de inventario | Total de préstamos | Signatura topográfica completa | Código de barras | Fecha visto por última vez | Precio válido a partir de | Tipo de ítem Koha | Número de copia |
|---|---|---|---|---|---|---|---|---|---|---|---|---|---|---|---|
| Excluido de préstamo | Patrimonio Dominicano | General | General | En catalogación | 02.09.2013 | LF1 | xxx xxx | 40573-10 | 25.06.2020 | 25.06.2020 | Libro y Folleto Colección Patrimonio Dominicano | ||||
| Excluido de préstamo | Patrimonio Dominicano | General | General | En catalogación | 02.09.2013 | LF1 | xxx xxx | 40573-20 | 25.06.2020 | 25.06.2020 | Libro y Folleto Colección Patrimonio Dominicano | e. 2 | |||
| Excluido de préstamo | Dominicana de Servicio | General | General | En catalogación | 02.09.2013 | LF1 | xxx xxx | 40573-30 | 25.06.2020 | 25.06.2020 | Libro y Folleto Colección Dominicana de Servicio | e. 3 |
